Dr. S. R. Lasker Library Online Catalogue

Home      Library Home      Institutional Repository      E-Resources      MyAthens      EWU Home

Dynamics of international human rights law and fundamental rights in Bangladesh / (Record no. 5875)

MARC details
000 -LEADER
fixed length control field 00796nam a2200253 a 4500
003 - CONTROL NUMBER IDENTIFIER
control field BD-DhEWU
005 - DATE AND TIME OF LATEST TRANSACTION
control field 20220302024018.0
008 - FIXED-LENGTH DATA ELEMENTS--GENERAL INFORMATION
fixed length control field 220302s2020 bg a g 000 0 ben d
020 ## - INTERNATIONAL STANDARD BOOK NUMBER
International Standard Book Number 0670911143 Hard bound
040 ## - CATALOGING SOURCE
Original cataloging agency BD-DhEWU
Modifying agency BD-DhEWU
Language of cataloging eng
Transcribing agency BD-DhEWU
041 ## - LANGUAGE CODE
Language code of text/sound track or separate title eng
082 ## - DEWEY DECIMAL CLASSIFICATION NUMBER
Classification number 341.48
Item number SAD 2020
100 1# - MAIN ENTRY--PERSONAL NAME
Personal name Sattar, Md Parvez
9 (RLIN) 25503
245 10 - TITLE STATEMENT
Title Dynamics of international human rights law and fundamental rights in Bangladesh /
Statement of responsibility, etc Md Parvez Sattar.
246 ## - VARYING FORM OF TITLE
Title proper/short title IUB Informative Legal Research Dissemination.
260 ## - PUBLICATION, DISTRIBUTION, ETC. (IMPRINT)
Place of publication, distribution, etc Dhaka :
Name of publisher, distributor, etc Independent University, Bangladesh,
Date of publication, distribution, etc 2020.
300 ## - PHYSICAL DESCRIPTION
Extent volume :
Other physical details ills. ;
Dimensions 22 cm
526 ## - STUDY PROGRAM INFORMATION NOTE
Program name Law
590 ## - LOCAL NOTE (RLIN)
Local note NEWAZ
650 ## - SUBJECT ADDED ENTRY--TOPICAL TERM
Topical term or geographic name as entry element International Law
9 (RLIN) 25504
Topical term or geographic name as entry element Human Right Law
9 (RLIN) 25505
942 ## - ADDED ENTRY ELEMENTS (KOHA)
Koha item type Text
Source of classification or shelving scheme Dewey Decimal Classification
953 ## - Fulltext in GSDL
Is Fulltext Available in GSDL? Not Avaialable
Holdings
Withdrawn status Lost status Source of classification or shelving scheme Damaged status Not for loan Collection code Home library Current library Shelving location Date acquired Source of acquisition Total Checkouts Full call number Barcode Date last seen Copy number Price effective from Koha item type Public note Date checked out
    Dewey Decimal Classification   Not For Loan Non-fiction Dr. S. R. Lasker Library, EWU Dr. S. R. Lasker Library, EWU Reserve Section 28/02/2022 Other   341.48 SAD 2020 30661 10/10/2022 C-1 02/03/2022 Text Gifted by Mohammed Shahjalal  
    Dewey Decimal Classification     Non-fiction Dr. S. R. Lasker Library, EWU Dr. S. R. Lasker Library, EWU Circulation Section 28/02/2022 Other 4 341.48 SAD 2020 30662 14/11/2024 C-2 02/03/2022 Text Gifted by Mohammed Shahjalal 13/11/2024